| 000 | 01146nam a2200205Ia 4500 | ||
|---|---|---|---|
| 003 | Ost | ||
| 005 | 20260507075522.0 | ||
| 008 | 260507s9999||||xx |||||||||||||| ||und|| | ||
| 040 | _cfsecg | ||
| 041 | _aara | ||
| 082 | _a600 | ||
| 100 |
_aبوطة، عبد الحميد بشير _eمؤلف |
||
| 245 | 0 |
_aتنمية وتسيير الموارد البشرية جدلية المفهوم النظرية والواقع / _c عبد الحميد بشير بوطة |
|
| 260 |
_aعمان: _bدار الأيام للنشر والتوزيع, _c2016 |
||
| 300 |
_a224 صفحة؛ _bإيضاحات ؛ _c25 سم |
||
| 504 | _aبيبليوغرافيا: ص.219-224 | ||
| 520 | _aأهم الأطر السوسيولوجية،المفسرة للتنمية،نشأة وتطور مفهوم التنمية،وظائف تسيير الموارد البشرية وواقعها في الجزائر،مؤشرات التنمية البشرية،التنمية البشرية في الجزائر بعد سنة 2000،التنمية في الجزائر من خلال تقارير التنمية البشرية | ||
| 653 | _aإدارة الأفراد | ||
| 942 | _cكتاب | ||
| 999 |
_c44777 _d44777 |
||